书目信息 |
| 题名: |
30天快速突破日本语能力测试
|
|
| 作者: | 宫伟 总/册主编 ;林义 册主编 | |
| 分册: | 3级 文字词汇 | |
| 出版信息: | 大连 大连出版社 2008.06 |
|
| 页数: | 232页 | |
| 开本: | 23cm | |
| 丛书名: | 能力激活系列 | |
| 单 册: | ||
| 中图分类: | H369.6 | |
| 科图分类: | ||
| 主题词: | 日语--ri yu--词汇--水平考试--习题 | |
| 电子资源: | ||
| ISBN: | 978-7-80684-615-5 | |
| 000 | 01078nam 2200277 450 | |
| 001 | 012008524616 | |
| 005 | 20080703101006.59 | |
| 010 | @a978-7-80684-615-5@dCNY26.00 | |
| 100 | @a20080609d2008 em y0chiy0120 ea | |
| 101 | 0 | @achi@ajpn |
| 102 | @aCN@b210000 | |
| 105 | @ay q 000yy | |
| 106 | @ar | |
| 200 | 1 | @a30天快速突破日本语能力测试@A30 tian kuai su tu po ri ben yu neng li ce shi@h3级@i文字词汇@f宫伟总主编@Fgong wei zong zhu bian@g宫伟, 林义本册主编@Ggong wei,lin yi ben ce zhu bian |
| 210 | @a大连@c大连出版社@d2008.06 | |
| 215 | @a232页@d23cm | |
| 225 | 2 | @a能力激活系列@Aneng li ji huo xi lie |
| 330 | @a本书为文字词汇,该套书始终以帮助学习者在短短的30天里快速掌握日本语能力测试所需要的语法、词汇、读 ... 每个级别的考试又分文字和词汇、听力、阅读和语法三部分。 | |
| 410 | 0 | @12001 @a能力激活系列 |
| 517 | 1 | @a文字词汇@Awen zi ci hui |
| 606 | 0 | @a日语@Ari yu@x词汇@x水平考试@j习题 |
| 690 | @aH369.6@v4 | |
| 701 | 0 | @a宫伟@Agong wei@4总/册主编 |
| 702 | 0 | @a林义@Alin yi@4册主编 |
| 801 | 0 | @aCN@bQSSK@c20080703 |
| 905 | @b730487-89@dH369.6@eG375:3@f3 | |
| 30天快速突破日本语能力测试.3级.文字词汇/宫伟总主编/宫伟, 林义本册主编.-大连:大连出版社,2008.06 |
| 232页;23cm.-(能力激活系列) |
| ISBN 978-7-80684-615-5:CNY26.00 |
| 本书为文字词汇,该套书始终以帮助学习者在短短的30天里快速掌握日本语能力测试所需要的语法、词汇、读 ... 每个级别的考试又分文字和词汇、听力、阅读和语法三部分。 |
| ● |
| 相关链接 |
|
|
|
正题名:30天快速突破日本语能力测试
索取号:H369.6/G375:3
 
预约/预借
| 序号 | 登录号 | 条形码 | 馆藏地/架位号 | 状态 | 备注 |
| 1 | 730487 | 207304870 | 语言库209/209语言库 132排1列4层/ [索取号:H369.6/G375:3] | 在馆 | |
| 2 | 730488 | 207304889 | 语言库209/209语言库 132排1列4层/ [索取号:H369.6/G375:3] | 在馆 | |
| 3 | 730489 | 207304898 | 语言库209/209语言库 132排1列4层/ [索取号:H369.6/G375:3] | 在馆 |